000 00347nam a2200133Ia 4500
008 240624s9999 xx 000 0 und d
041 _aeng
082 _a332.67314 TAX
100 _aTAXMANN
245 _aGUIDE TO FOREIGN DIRECT INVESTMENTS IN I
260 _c2010
_aNew Delhi
_bTaxmann
300 _ai-19, : 254 : p. : cm. ; 23
365 _cRS
_b28
999 _c16616
_d16616